[Event "34th Chess Olympiad (women)"]
[Site "Istanbul"]
[Date "2000.11.04"]
[Round "7.10.3"]
[White "Mammadyarova, Zaynab"]
[Black "Dhar-Barua, Saheli"]
[WhiteElo "2173"]
[BlackElo "2212"]
[WhiteCountry "AZE"]
[BlackCountry "IND"]
[Result "1-0"]

1. d4 d5 2. Nf3 Nf6 3. g3 e6 4. Bg2 Be7 5. O-O O-O 6. c4 c5 7. Nc3 Nc6 
8. cxd5 exd5 9. dxc5 Bxc5 10. Bg5 Be6 11. Qc1 Be7 12. Rd1 Qa5 13. a3 Rac8 
14. Qb1 h6 15. Bf4 a6 16. Qd3 b5 17. b4 Qb6 18. Ne5 Rfd8 19. Rac1 Nxe5 
20. Bxe5 Ng4 21. Bd4 Qb8 22. f4 g6 23. h3 Nf6 24. Qe3 Rd7 25. g4 Rc4 
26. f5 gxf5 27. Qxh6 Rxd4 28. Rxd4 Nh7 29. gxf5 Bxf5 30. h4 Bf6 31. Rxd5 Qa7+ 
32. Kh1 Rxd5 33. Nxd5 Bb2 34. Rf1 Bg6 35. h5 Bg7 36. Qf4 Bxh5 37. Qh4 Bxe2 
38. Re1 Bc4 39. Re8+ Bf8 40. Ne7+ Kg7 41. Qg4+ 
1-0

[Event "34th Chess Olympiad (women)"]
[Site "Istanbul"]
[Date "2000.11.04"]
[Round "7.11.1"]
[White "Khegai, Angela"]
[Black "Cmilyte, Viktorija"]
[WhiteElo "2234"]
[BlackElo "2335"]
[WhiteCountry "UZB"]
[BlackCountry "LTU"]
[Result "0-1"]

1. d4 f5 2. g3 g6 3. Bg2 Bg7 4. Nf3 Nf6 5. O-O O-O 6. b3 d6 7. Bb2 Qe8 
8. Nbd2 Nc6 9. c4 e5 10. d5 Nd8 11. e4 f4 12. h3 Nf7 13. g4 Qe7 14. Ne1 h5 
15. f3 Nh7 16. Nd3 Bf6 17. Kf2 c6 18. Ke2 cxd5 19. cxd5 b5 20. a4 bxa4 
21. Rxa4 Bd7 22. Ra5 Rfb8 23. Qc2 Bb5 24. Nc4 Qc7 25. Rfa1 a6 26. Bc1 Rc8 
27. Bd2 Nf8 28. Nb4 Qb7 29. Nd3 Nd7 30. Kf1 Nc5 31. Nxc5 Rxc5 32. Kg1 hxg4 
33. hxg4 Bd8 34. R5a2 Bb6 35. Kf1 Rac8 36. Qb1 Rxc4 37. bxc4 Bxc4+ 38. Ke1 Bf2+ 
39. Kxf2 Qa7+ 
0-1

[Event "34th Chess Olympiad (women)"]
[Site "Istanbul"]
[Date "2000.11.04"]
[Round "7.11.2"]
[White "Varniene, Rita"]
[Black "Khamrakulova, Iroda"]
[WhiteElo "2190"]
[BlackElo "2177"]
[WhiteCountry "LTU"]
[BlackCountry "UZB"]
[Result "1-0"]

1. d4 d5 2. c4 e6 3. Nc3 Nf6 4. cxd5 exd5 5. Bg5 Be7 6. e3 O-O 7. Bd3 c6 
8. Qc2 Nbd7 9. Nf3 Re8 10. O-O Nf8 11. Rae1 Ne4 12. Bxe7 Qxe7 13. Bxe4 dxe4 
14. Nd2 b6 15. Qa4 a5 16. Qxc6 Ba6 17. Nd5 Qa7 18. Qc7 Bxf1 19. Rxf1 Rec8 
20. Ne7+ Kh8 21. Qxa7 Rxa7 22. Nxc8 Rb7 23. Rc1 Ne6 24. Nd6 
1-0

[Event "34th Chess Olympiad (women)"]
[Site "Istanbul"]
[Date "2000.11.04"]
[Round "7.12.1"]
[White "Foisor, Cristina Adela"]
[Black "Lagvilava, Genrieta"]
[WhiteElo "2386"]
[BlackElo "2318"]
[WhiteCountry "ROM"]
[BlackCountry "BLR"]
[Result "1/2-1/2"]

1. d4 f5 2. c4 Nf6 3. Nc3 g6 4. f3 Nc6 5. d5 Ne5 6. b3 Bg7 7. Bb2 d6 8. Nh3 c6 
9. Qd2 cxd5 10. cxd5 O-O 11. e3 a6 12. Be2 b5 13. O-O Nh5 14. f4 Ng4 15. Ng5 b4 
16. Nd1 Qb6 17. Bxg7 Nxg7 18. h3 Nf6 19. Nf2 Bb7 20. Bc4 h6 21. Nf3 Rac8 
22. Kh2 a5 23. g4 e6 24. gxf5 Bxd5 25. Bxd5 Nxd5 26. Nd4 e5 27. Nc2 Rxc2 
28. Qxd5+ Kh8 29. Qe4 Re2 30. fxg6 Rxe3 31. Qc4 Rc3 32. Qe4 exf4 33. Ng4 Qc6 
34. Qxc6 Rxc6 35. Nxh6 Rc2+ 36. Kg1 Nh5 37. Rf2 Rc3 38. Rd1 Rf6 39. Nf7+ Kg7 
40. Nxd6 Rxg6+ 41. Kh2 Rgg3 42. Ne4 Rxh3+ 43. Kg2 Rcd3 44. Rc1 Rhe3 
45. Rc7+ Kg6 46. Rc6+ Kf5 47. Nd2 Rg3+ 48. Kf1 Rc3 49. Rc4 Rxc4 50. Nxc4 Rd3 
51. Ke2 Rc3 52. Kd2 Ng3 53. Kd1 Ne4 54. Rh2 f3 55. Rh8 f2 56. Rf8+ Kg4 
57. Ke2 Rc1 58. Ne3+ Kg5 59. Kd3 Nf6 60. Ke2 Ne4 61. Kd3 Nf6 62. Ke2 Ne4 
1/2-1/2

[Event "34th Chess Olympiad (women)"]
[Site "Istanbul"]
[Date "2000.11.04"]
[Round "7.12.2"]
[White "Popova, Natalija"]
[Black "Cosma, Elena Luminita"]
[WhiteElo "2297"]
[BlackElo "2360"]
[WhiteCountry "BLR"]
[BlackCountry "ROM"]
[Result "1-0"]

1. e4 c5 2. Nf3 Nc6 3. d4 cxd4 4. Nxd4 Qc7 5. Nb5 Qb8 6. Bd3 e6 7. Be3 Nf6 
8. f4 d6 9. O-O Be7 10. Qf3 a6 11. N5c3 Qc7 12. Nd2 Nd7 13. Qh3 b5 14. Nf3 Nb6 
15. f5 b4 16. Ne2 e5 17. Kh1 Bd7 18. Qg3 Bf6 19. Qf2 Nc8 20. Rac1 d5 
21. exd5 N6e7 22. c4 Bxf5 23. Bxf5 Nxf5 24. Bc5 Be7 25. Bxe7 Ncxe7 
26. Ng3 Nxg3+ 27. Qxg3 Ng6 28. c5 f6 29. Nh4 Nf4 30. d6 Qd7 31. c6 
1-0

[Event "34th Chess Olympiad (women)"]
[Site "Istanbul"]
[Date "2000.11.04"]
[Round "7.12.3"]
[White "Ionescu-Brandis, Irina"]
[Black "Zagorskaya, Tatiana"]
[WhiteElo "2304"]
[BlackElo "2125"]
[WhiteCountry "ROM"]
[BlackCountry "BLR"]
[Result "1-0"]

1. e4 e6 2. d3 d5 3. Nd2 Nf6 4. Ngf3 Be7 5. g3 c5 6. Bg2 Nc6 7. O-O O-O 
8. Re1 b5 9. e5 Ne8 10. Nf1 a5 11. h4 a4 12. a3 b4 13. N1h2 bxa3 14. bxa3 Nc7 
15. Ng5 h6 16. Nh3 Nd4 17. Ng4 Nf5 18. Nf4 Rb8 19. Nh5 Kh8 20. Ne3 d4 
21. Nc4 Nd5 22. Bd2 Nc3 23. Qc1 Bb7 24. Be4 Bxh4 25. Bxb7 Rxb7 26. g4 Bxf2+ 
27. Kf1 Bxe1 28. Qxe1 Qh4 29. Qxh4 Nxh4 30. Kf2 Nb1 31. Nd6 Rb2 32. Nc4 Rbb8 
33. Ba5 f5 34. exf6 gxf6 35. Bc7 Rb5 36. Bd6 Rf7 37. Bg3 Ng6 38. Nd6 Rfb7 
39. Nxf6 R7b6 40. Nxb5 Rxb5 41. Ne4 Nc3 42. Nxc3 dxc3 43. Re1 Rb2 44. Re2 e5 
45. Kf3 Ra2 46. Bf2 Rxa3 47. Bxc5 Ra1 48. Bb4 Rf1+ 49. Rf2 Rb1 50. Bxc3 a3 
51. Ke2 a2 52. Rf6 Kg7 53. Ra6 Rg1 54. Kf3 Rf1+ 55. Kg2 Rc1 56. Rxa2 Kf6 
57. Bd2 Nf4+ 58. Kf3 Rf1+ 59. Ke4 Rf2 60. Be3 Rf1 61. c4 Rd1 62. Ra6+ Kf7 
63. Bxf4 exf4 64. Rxh6 f3 65. Rh3 
1-0

[Event "34th Chess Olympiad (women)"]
[Site "Istanbul"]
[Date "2000.11.04"]
[Round "7.13.2"]
[White "Aleksieva, Silvia"]
[Black "Te-Lallemand, Rosa"]
[WhiteElo "2351"]
[BlackElo "2289"]
[WhiteCountry "BUL"]
[BlackCountry "FRA"]
[Result "1-0"]

1. d4 Nf6 2. Nf3 g6 3. Nc3 Bg7 4. e4 d6 5. h3 O-O 6. Be3 c6 7. Qd2 b5 
8. Bd3 Nbd7 9. Bh6 e5 10. Bxg7 Kxg7 11. dxe5 dxe5 12. a4 b4 13. Ne2 Qe7 
14. O-O Bb7 15. Ng3 Ng8 16. a5 Rad8 17. a6 Bc8 18. Ra5 f6 19. Qe3 Nb6 
20. Nd2 Be6 21. b3 h5 22. f4 exf4 23. Qxf4 Qd6 24. e5 Qd4+ 25. Qxd4 Rxd4 
26. exf6+ Rxf6 27. Rxf6 Nxf6 28. Rg5 Bf7 29. Nf5+ 
1-0

[Event "34th Chess Olympiad (women)"]
[Site "Istanbul"]
[Date "2000.11.04"]
[Round "7.14.1"]
[White "Moser, Eva"]
[Black "Medic, Mirjana"]
[WhiteElo "2332"]
[BlackElo "2294"]
[WhiteCountry "AUT"]
[BlackCountry "CRO"]
[Result "1/2-1/2"]

1. e4 e6 2. d4 d5 3. Nc3 Bb4 4. a3 Bxc3+ 5. bxc3 dxe4 6. f3 Bd7 (6... exf3 7.
Nxf3 Nf6 8. Bd3 b6 9. O-O Bb7 10. Qe1 Nc6 11. Qg3 Qe7 12. Qxg7 Rg8 13. Qh6 Ng4
14. Qh5 Nf6 15. Qh3 Nd7 16. a4 O-O-O 17. Ba3 Qe8 18. Rad1 Nf6 19. Qh4 Nd5 20.
c4 Nc3 21. d5 Na5 22. Be7 exd5 23. Bf6 Qxa4 24. Bxd8 {
1-0 Moser,E-Buckley,M/Oropesa del Mar 1999/CBM 72 ext (24)}) 7. Nh3 Bc6 8. fxe4
Bxe4 9. Ng5 Bg6 10. Bd3 (10. Rb1 Qd5 11. c4 Qc6 12. Be2 Nd7 13. O-O h6 14. Nf3
Ngf6 15. Bf4 O-O 16. Ne5 Nxe5 17. Bxe5 Nd7 18. Bf4 Rad8 19. Rb5 Nb6 20. Rc5 Qe4
21. Rxc7 Rfe8 22. Qd3 Rd7 23. Qxe4 Bxe4 24. Rxd7 Nxd7 25. Bd3 Bc6 26. Re1 Rd8
27. c5 Nf6 28. Be5 Ne8 29. c3 Rd7 30. Be2 Nc7 31. Bxc7 Rxc7 32. Rb1 Kf8 33. Kf2
Ke7 34. g3 e5 35. Ke3 Ke6 36. Rf1 Re7 37. Bg4+ Kd5 38. Bf3+ Kc4 39. Be2+ Kxc3
40. Rc1+ Kb2 41. Rd1 exd4+ 42. Kxd4 Rxe2 {
0-1 Zelic,M-Levacic,P/Tucepi 1996/EXT 98 (42)}) 10... Nf6 (10... Qd5 11. O-O
Nf6 12. Rb1 Bxd3 13. cxd3 Nbd7 14. Nf3 O-O 15. c4 Qd6 16. Rxb7 Nb6 17. Ng5
Qxd4+ 18. Kh1 h6 19. Nf3 Qd6 20. Nh4 $15) 11. O-O $17 Qd5 12. Rb1 (12. Be2 Qc6
13. Rb1 O-O 14. Bf3 Qxc3 15. Rxb7 Bxc2 16. Qd2 Qxd2 17. Bxd2 Bg6 18. Rxc7 $15)
12... Nbd7 13. Qe1 (13. Bb5 c6 14. c4 Qd6 15. Ba4 O-O-O 16. Nf3 Nc5 $19) 13...
c5 14. Be2 cxd4 (14... Be4 15. Nxe4 Nxe4 16. Bf3 f5 $15) 15. Bf3 Qc4 $15 (15...
Qd6 $142 16. cxd4 h6 17. Nh3 Bxc2 $17) 16. cxd4 O-O 17. Rxb7 (17. Rb4 Qxc2 18.
Rf2 Qc7 19. Rxb7 $17) 17... Nb6 18. c3 (18. Qe5 Rfc8 19. Be3 (19. Ne4 Nfd7 20.
Qd6 Qxc2 21. Ng5 Qd3 $17) 19... Qc3) 18... Nbd5 19. Bd2 Qa6 20. Rb3 Bd3 21. Rf2
Rab8 (21... Bc4 $5) 22. Bxd5 exd5 23. Rxb8 Rxb8 24. Qe7 Qb7 (24... Bg6 $5) 25.
Qxb7 Rxb7 $17 26. Rf3 Bc4 (26... Rb1+ 27. Kf2 Bc4 28. Rf4 Ra1 $19) 27. Re3 h6
28. Nf3 Ne4 (28... Rb1+ 29. Re1 Rb3 30. a4 Ne4 $17) 29. Be1 Rb1 30. Ne5 f5 (
30... Nd6 $17) 31. Nxc4 $15 dxc4 32. g4 g6 33. gxf5 gxf5 34. Kg2 Kf7 35. Kf3
Ra1 36. Kf4 Ke6 37. d5+ Kxd5 38. Kxf5 Nd6+ 39. Kf6 Rxa3 40. Re5+ Kc6 41. Re6
Kd5 42. Re5+ Kc6 43. Re6 1/2-1/2

[Event "34th Chess Olympiad (women)"]
[Site "Istanbul"]
[Date "2000.11.04"]
[Round "7.14.2"]
[White "Macek, Vlasta"]
[Black "Sommer, Sonja"]
[WhiteElo "2277"]
[BlackElo "2054"]
[WhiteCountry "CRO"]
[BlackCountry "AUT"]
[Result "0-1"]

1. d4 d5 2. Nf3 Bf5 3. g3 c6 4. Bg2 h6 5. O-O Nf6 6. b3 e6 7. Bb2 Nbd7 8. Nbd2
Be7 9. Re1 Ne4 10. Nxe4 Bxe4 11. Bh3 Nf6 12. Nd2 Bg6 13. Bg2 O-O 14. e4 Nxe4
15. Nxe4 dxe4 16. Bxe4 Bxe4 17. Rxe4 Bf6 18. Qe2 Qb6 19. c3 Rad8 20. Qf3 Rd7
21. b4 Qd8 22. a4 a5 23. b5 c5 24. dxc5 Rd3 25. Re3 Rd5 26. Rae1 Qc7 27. Qe2
Rfd8 28. Ba3 Rd2 29. Qf3 Ra2 30. b6 Qc8 31. Bc1 Rxa4 32. Re4 Rxe4 33. Rxe4 Qc6
34. c4 Rd4 35. Rf4 Qxf3 36. Rxf3 Rd1+ 37. Kg2 Rxc1 38. c6 bxc6 39. Rb3 Be5 40.
f4 Bb8 41. Rd3 Rxc4 42. Rd8+ Kh7 43. Rxb8 Rb4 44. Kf3 a4 45. Rb7 Kg6 46. h4 h5
47. Ke2 a3 48. Ra7 Rxb6 49. Rxa3 Rb5 50. Rc3 c5 51. Rc4 Kf5 52. Rc3 Kg4 53. Kd3
Rb4 54. Rxc5 Rb3+ 55. Kd4 Kxg3 56. Rg5+ Kxf4 57. Rxg7 e5+ 58. Kc4 Rb7 59. Kd3
e4+ 60. Ke2 Rb2+ 61. Kf1 f6 62. Rg6 Rb6 63. Ke2 Kf5 64. Rg1 Ke5 65. Ke3 Rb3+
66. Kf2 Rh3 0-1

[Event "34th Chess Olympiad (women)"]
[Site "Istanbul"]
[Date "2000.11.04"]
[Round "7.14.3"]
[White "Krasser, Margit"]
[Black "Jelica, Mara"]
[WhiteElo "2061"]
[BlackElo "2192"]
[WhiteCountry "AUT"]
[BlackCountry "CRO"]
[Result "1-0"]

1. d4 Nf6 2. c4 g6 3. g3 Bg7 4. Bg2 O-O 5. Nf3 d6 6. Nc3 c6 7. O-O Nbd7 8. Qc2
e5 9. d5 cxd5 10. cxd5 a5 11. e4 Nc5 12. Be3 b6 13. Rfc1 Ne8 14. a3 f5 15. b4
fxe4 16. Nxe4 Nxe4 17. Qxe4 Nf6 18. Qc4 Ng4 19. Qc6 Rb8 20. Bg5 Bf6 21. Bxf6
Qxf6 22. h3 Nxf2 23. Rf1 e4 24. Rae1 Bxh3 25. Nh4 Bxg2 26. Nxg2 axb4 27. axb4
Rf7 28. Nf4 Qg5 29. Kxf2 Rbf8 30. Rxe4 Qf5 31. Ke3 g5 32. Qxd6 Qc8 33. Qe5
gxf4+ 34. Rfxf4 Qc1+ 35. Kf2 Qd2+ 36. Kf3 Qd1+ 37. Kg2 Rxf4 38. Qg5+ Kh8 39.
Rxf4 Qd2+ 40. Kh3 Rxf4 41. gxf4 Qxb4 42. Kg4 Qc5 43. Qf6+ Kg8 44. d6 Qg1+ 45.
Kf5 Qb1+ 46. Ke6 Qe4+ 47. Kd7 Qb7+ 48. Ke8 Qe4+ 49. Qe7 Qa8+ 50. Qd8 Qb7 51.
Qg5+ 1-0

[Event "34th Chess Olympiad (women)"]
[Site "Istanbul"]
[Date "2000.11.04"]
[Round "7.15.1"]
[White "Geldyeva, Mexnri"]
[Black "Fierro, Martha"]
[WhiteElo "2283"]
[BlackElo "2338"]
[WhiteCountry "TKM"]
[BlackCountry "ECU"]
[Result "1-0"]

1. d4 g6 2. c4 Bg7 3. Nc3 c5 4. d5 Bxc3+ 5. bxc3 f5 6. Bf4 d6 7. e3 Qa5 
8. Qb3 Nd7 9. Nf3 Nb6 10. Bd3 Nf6 11. h4 Qa6 12. Be2 Bd7 13. Nd2 O-O-O 
14. f3 Ba4 15. Qb2 Nfd7 16. Rb1 Kb8 17. Kf2 Ka8 18. e4 Ne5 19. h5 fxe4 
20. Bxe5 e3+ 21. Kxe3 dxe5 22. Ne4 Qxc4 23. Qxb6 Qxe4+ 24. fxe4 axb6 
25. hxg6 Rd6 26. Rxh7 Rg8 27. g7 Rg6 28. Bf3 Ka7 29. Rbh1 R8xg7 30. Rxg7 Rxg7 
31. Rh5 Bb5 32. Rxe5 Bc4 33. a3 Ka6 34. Rh5 Ka5 35. g4 b5 36. Bd1 Ba2 37. g5 c4 
38. Bg4 Ka4 39. Bf5 Kxa3 40. g6 b4 41. Kd4 b3 42. Rh7 b2 43. e5 Rg8 
44. Rxe7 Rf8 45. Rf7 
1-0

[Event "34th Chess Olympiad (women)"]
[Site "Istanbul"]
[Date "2000.11.04"]
[Round "7.15.2"]
[White "Moncayo, Evelyn"]
[Black "Atbashieva, Guldjahan"]
[WhiteElo "2135"]
[BlackElo "2243"]
[WhiteCountry "ECU"]
[BlackCountry "TKM"]
[Result "1-0"]

1. e4 g6 2. d4 Bg7 3. Nc3 d6 4. Be3 c6 5. Qd2 Qc7 6. f4 e5 7. Nf3 exf4 
8. Bxf4 Bg4 9. d5 Qe7 10. O-O-O Bxc3 11. Qxc3 Qf6 12. Bxd6 Qxc3 13. bxc3 Nf6 
14. Bd3 Bxf3 15. gxf3 cxd5 16. exd5 Nbd7 17. Bb5 Kd8 18. Rhe1 Re8 19. c4 a6 
20. Ba4 Rc8 21. c5 Nxc5 22. Bxe8 Nxe8 23. Be7+ Kd7 24. Bf8 Nd6 25. Re7+ Kd8 
26. Re3 Nc4 27. Bxc5 Rxc5 28. Rb3 Kc7 29. Rd4 b5 30. a4 Kd6 31. axb5 axb5 
32. Rh4 h5 33. Rf4 f5 34. Rd4 Nb6 35. Rdb4 Kxd5 36. Rxb5 Nc4 37. Rd3+ Kc6 
38. Rxc5+ Kxc5 39. f4 Nb6 40. Rg3 Nd5 41. Rxg6 Kd4 42. Rd6 Ke4 43. c4 Nxf4 
44. c5 Ke5 45. Rd7 Ne6 46. c6 h4 47. c7 Nxc7 48. Rxc7 Kf4 49. Rc3 
1-0

[Event "34th Chess Olympiad (women)"]
[Site "Istanbul"]
[Date "2000.11.04"]
[Round "7.15.3"]
[White "Ovezova, Maisa"]
[Black "Vasquez, Rocio"]
[WhiteElo "2174"]
[BlackElo "2235"]
[WhiteCountry "TKM"]
[BlackCountry "ECU"]
[Result "1-0"]

1. d4 d5 2. e3 Nf6 3. Bd3 e6 4. Nd2 c5 5. c3 Nc6 6. f4 Bd7 7. Ngf3 Ng4 
8. Qe2 c4 9. Bc2 f5 10. O-O Be7 11. Ne5 Ncxe5 12. fxe5 O-O 13. Nf3 b5 
14. Bd2 a5 15. h3 Nh6 16. Nh2 Be8 17. Kh1 Bg6 18. Rg1 Qe8 19. b3 a4 
20. bxa4 bxa4 21. a3 Bh5 22. Qe1 g5 23. Ra2 Qf7 24. Bc1 Rfb8 25. Nf3 Kh8 
26. e4 dxe4 27. Nxg5 Qg6 28. Qe3 Bxg5 29. Qxg5 Qxg5 30. Bxg5 Ng8 31. g4 Bg6 
32. h4 Rb5 33. gxf5 exf5 34. Bf4 Ra6 35. Bd1 Bf7 36. e6 Rxe6 37. Bxa4 Rd5 
38. Bd1 h6 39. Be2 Rc6 40. Rb2 Nf6 41. Bxh6 Ng4 42. Bf4 Nf2+ 43. Kh2 Nd3 
44. Rb8+ Kh7 45. Bxd3 cxd3 46. Rb7 Rg6 47. Rxf7+ Kg8 48. Rb7 Rxg1 49. Kxg1 Ra5 
50. Rb3 Ra7 51. Kf2 Rg7 52. Bg5 
1-0

[Event "34th Chess Olympiad (women)"]
[Site "Istanbul"]
[Date "2000.11.04"]
[Round "7.16.1"]
[White "Uskova, Fliura"]
[Black "Sanchez Castillo, Sarai"]
[WhiteElo "2285"]
[BlackElo "2093"]
[WhiteCountry "KAZ"]
[BlackCountry "VEN"]
[Result "1/2-1/2"]

1. e4 e6 2. d4 d5 3. Nd2 Nf6 4. e5 Nfd7 5. Bd3 c5 6. c3 Nc6 7. Ne2 cxd4 
8. cxd4 Qb6 9. Nf3 f6 10. exf6 Nxf6 11. O-O Bd6 12. Nc3 O-O 13. a3 Bd7 
14. Bg5 Rae8 15. b4 Bb8 16. Rc1 Re7 17. Bb1 Be8 18. Na4 Qd8 19. Nc5 Bh5 
20. b5 Qd6 21. g3 Bxf3 22. Qxf3 Nxd4 23. Qd3 e5 24. f4 Qb6 25. fxe5 Bxe5 
26. Be3 Qxb5 27. Qxb5 Nxb5 28. a4 Nc3 29. Bd3 b6 30. Na6 Nxa4 31. Rf3 Nb2 
32. Bf1 Ng4 33. Rxf8+ Kxf8 34. Bd2 Bd4+ 35. Kg2 Ne3+ 36. Bxe3 Bxe3 37. Rc2 Na4 
38. Nc7 d4 39. Nd5 Re5 40. Rc8+ Kf7 41. Bc4 Kg6 42. Rc6+ Kf5 43. Bd3+ Kg5 
44. h4+ Kg4 45. Be2+ 
1/2-1/2

[Event "34th Chess Olympiad (women)"]
[Site "Istanbul"]
[Date "2000.11.04"]
[Round "7.16.3"]
[White "Esirkepova, Altyn"]
[Black "Sanchez, Aliris"]
[WhiteElo "2191"]
[BlackElo "2000"]
[WhiteCountry "KAZ"]
[BlackCountry "VEN"]
[Result "1/2-1/2"]

1. d4 d5 2. Nf3 Nf6 3. c4 e6 4. Nc3 c6 5. Bg5 Nbd7 6. e3 Be7 7. cxd5 exd5 
8. Bd3 O-O 9. O-O Re8 10. Rb1 Ne4 11. Bxe7 Qxe7 12. Qc2 h6 13. b4 Ndf6 
14. Rfc1 Bd7 15. b5 Rac8 16. bxc6 Rxc6 17. Bxe4 Nxe4 18. Qb3 Rxc3 19. Rxc3 Nxc3 
20. Qxc3 Bc6 21. Ne5 Rc8 22. Qa5 f6 23. Nxc6 bxc6 24. Rc1 Qd7 25. Qc5 Rc7 
26. e4 dxe4 27. d5 f5 28. dxc6 Qe6 
1/2-1/2

[Event "34th Chess Olympiad (women)"]
[Site "Istanbul"]
[Date "2000.11.04"]
[Round "7.17.1"]
[White "Misanovic, Vesna"]
[Black "Vovk, Oksana"]
[WhiteElo "2384"]
[BlackElo "2093"]
[WhiteCountry "BIH"]
[BlackCountry "DEN"]
[Result "1-0"]

1. d4 Nf6 2. Nf3 e6 3. g3 b6 4. Bg2 Bb7 5. O-O Be7 6. c4 O-O 7. Nc3 d5 
8. cxd5 Nxd5 9. Qc2 h6 10. Rd1 Na6 11. e4 Nxc3 12. bxc3 Qc8 13. Bf4 Rd8 
14. Qe2 Bd6 15. Ne5 c6 16. Qg4 Kf8 17. Rd3 Nc7 18. Rf3 Bxe5 19. Bxe5 Ne8 
20. Qg6 Qd7 21. Bh3 Kg8 22. Rxf7 Qxf7 23. Bxe6 Rd7 24. Bf4 Kf8 25. Bxf7 Rxf7 
26. Re1 Rd8 27. e5 c5 28. e6 Re7 29. Qh7 Nf6 30. Qh8+ Ng8 31. Re5 Rd5 
32. Rxd5 Rxe6 33. Rf5+ Ke7 34. Qxg7+ 
1-0

[Event "34th Chess Olympiad (women)"]
[Site "Istanbul"]
[Date "2000.11.04"]
[Round "7.17.2"]
[White "Peicheva-Hansen, Evgenia"]
[Black "Titova-Boric, Elena"]
[WhiteElo "2162"]
[BlackElo "2207"]
[WhiteCountry "DEN"]
[BlackCountry "BIH"]
[Result "1/2-1/2"]

1. c4 f5 2. g3 e5 3. Bg2 Nf6 4. e3 d6 5. Nc3 Be7 6. Nge2 O-O 7. d3 c6 
8. O-O Kh8 9. f4 a5 10. b3 Na6 11. Ba3 Bd7 12. Qd2 Rb8 13. Nd1 d5 14. Bxe7 Qxe7 
15. fxe5 Qxe5 16. Rc1 dxc4 17. bxc4 Rbe8 18. Nf4 g5 19. d4 Ne4 20. Qb2 Qg7 
21. Nd3 Bc8 22. Ne5 Nac5 23. Qc2 Nd7 24. Bxe4 fxe4 25. Rxf8+ Qxf8 26. Nxd7 Bxd7 
27. c5 Qf7 28. Qf2 Qg7 29. Nc3 Bh3 30. Qb2 Qf6 31. Qf2 Qg7 32. Qb2 Qf6 33. Qf2 
1/2-1/2

[Event "34th Chess Olympiad (women)"]
[Site "Istanbul"]
[Date "2000.11.04"]
[Round "7.17.3"]
[White "Dengler, Dijana"]
[Black "Jensen, Christine"]
[WhiteElo "2120"]
[BlackElo "2030"]
[WhiteCountry "BIH"]
[BlackCountry "DEN"]
[Result "1/2-1/2"]

1. d4 Nf6 2. c4 c5 3. d5 e5 4. Nc3 d6 5. e4 Be7 6. Bd3 O-O 7. Nge2 Ne8 
8. Ng3 Bg5 9. h4 Bxc1 10. Qxc1 Nd7 11. Qd2 a6 12. a4 b6 13. Nf1 Ndf6 14. h5 Rb8 
15. f3 h6 16. g4 Nh7 17. Ng3 Qg5 18. Qf2 Bd7 19. Ke2 Nc7 20. Rhb1 b5 
21. axb5 axb5 22. cxb5 Nxb5 23. Nxb5 Bxb5 24. Bxb5 Rxb5 25. Nf5 Rfb8 
26. Kf1 Qd8 27. Ra6 R8b6 28. Qe2 Rb3 29. Rxb6 Rxb6 30. Ra1 Ng5 31. Ra6 Kh7 
32. Kg2 Qb8 33. Rxb6 Qxb6 34. Qc2 g6 35. hxg6+ fxg6 36. Ne3 Nf7 37. Qc3 Nd8 
38. Kg3 Nb7 39. f4 exf4+ 40. Kxf4 Qd8 41. Nc4 Qf8+ 42. Kg3 g5 43. Qe3 Qf6 
44. Qf3 Qxf3+ 45. Kxf3 Kg6 46. Ne3 Nd8 47. Nf5 Nf7 48. Kg3 
1/2-1/2

[Event "34th Chess Olympiad (women)"]
[Site "Istanbul"]
[Date "2000.11.04"]
[Round "7.18.1"]
[White "Hernandez, Yadira"]
[Black "Baginskaite, Camilla"]
[WhiteElo "2207"]
[BlackElo "2287"]
[WhiteCountry "MEX"]
[BlackCountry "USA"]
[Result "0-1"]

1. d4 Nf6 2. Nf3 e6 3. g3 d5 4. c4 dxc4 5. Qa4+ Nbd7 6. Bg2 a6 7. Qxc4 b5 
8. Qc6 Rb8 9. O-O Bb7 10. Qc2 c5 11. Rd1 Rc8 12. Qd3 c4 13. Qe3 Be7 
14. Ne5 Bxg2 15. Kxg2 Nxe5 16. Qxe5 O-O 17. a3 Rc5 18. dxc5 Qxd1 19. Nc3 Qd7 
20. Bg5 Qc6+ 21. Kg1 Nd7 22. Qe3 f6 23. Bf4 Nxc5 24. g4 Rd8 25. Bg3 a5 
26. a4 b4 27. Nb5 Nb3 28. Re1 Bc5 29. Qf4 h6 30. e3 Nd2 31. e4 Rd3 32. Kg2 e5 
33. Qf5 c3 34. bxc3 bxc3 35. f4 c2 36. fxe5 Nxe4 37. Kf1 Nxg3+ 
0-1

[Event "34th Chess Olympiad (women)"]
[Site "Istanbul"]
[Date "2000.11.04"]
[Round "7.18.2"]
[White "Shahade, Jennifer"]
[Black "Guerrero, Alejandra"]
[WhiteElo "2238"]
[BlackElo "2171"]
[WhiteCountry "USA"]
[BlackCountry "MEX"]
[Result "1-0"]

1. e4 e5 2. Nf3 Nc6 3. d4 exd4 4. Nxd4 Bc5 5. Nxc6 Qf6 6. Qd2 dxc6 7. Nc3 Be6 
8. Na4 Rd8 9. Bd3 Bd6 10. Qg5 Bb4+ 11. Ke2 h6 12. Qg3 Bd6 13. f4 Qd4 
14. Be3 Qxa4 15. Qxg7 Nf6 16. Qxh8+ Ke7 17. Qxh6 Nxe4 18. b3 Nc3+ 19. Kf2 Qa3 
20. Bd4 Nd5 21. f5 Bc5 22. Qh4+ Kd7 23. Rhe1 Qb4 24. fxe6+ fxe6 25. Re4 Bxd4+ 
26. Rxd4 Qd2+ 27. Kg1 Kc8 28. Qe1 Qh6 29. Qe5 Rg8 30. Re1 Kd7 31. c4 c5 
32. Rxd5+ exd5 33. Qxd5+ 
1-0

[Event "34th Chess Olympiad (women)"]
[Site "Istanbul"]
[Date "2000.11.04"]
[Round "7.18.3"]
[White "Garcia, Edith"]
[Black "Epstein, Esther"]
[WhiteElo "2052"]
[BlackElo "2224"]
[WhiteCountry "MEX"]
[BlackCountry "USA"]
[Result "1/2-1/2"]

1. e4 c5 2. Nf3 g6 3. d4 Bg7 4. Nc3 cxd4 5. Nxd4 Nc6 6. Be3 Nf6 7. Bc4 O-O 
8. h3 Qa5 9. O-O a6 10. a3 Ne5 11. Bb3 b5 12. Nd5 e6 13. Bd2 Qd8 14. Nxf6+ Bxf6 
15. Bc3 Bb7 16. Re1 Rc8 17. Qe2 Qb6 18. Rad1 Rfd8 19. Kh1 Bg7 20. f4 Nc4 
21. Rd3 d6 22. Nf3 Bxc3 23. Rxc3 Nxb2 24. Rxc8 Rxc8 25. Rb1 Rc3 26. Rxb2 Re3 
27. Qd2 Rxe4 28. c3 
1/2-1/2

[Event "34th Chess Olympiad (women)"]
[Site "Istanbul"]
[Date "2000.11.04"]
[Round "7.19.1"]
[White "Reizniece, Dana"]
[Black "Leite, Catarina"]
[WhiteElo "2275"]
[BlackElo "2089"]
[WhiteCountry "LAT"]
[BlackCountry "POR"]
[Result "1-0"]

1. c4 e5 2. Nc3 Nc6 3. g3 g6 4. Bg2 Bg7 5. d3 d6 6. Rb1 Be6 7. b4 Qd7 
8. e3 Nge7 9. Nd5 Nd8 10. Ne2 Nc8 11. e4 h6 12. O-O c6 13. Ne3 O-O 14. f4 Ne7 
15. d4 exf4 16. gxf4 d5 17. f5 gxf5 18. exd5 cxd5 19. Nf4 Ng6 20. cxd5 Nxf4 
21. Rxf4 Qc7 22. Nxf5 Bxf5 23. Rxf5 Qc3 24. Rb3 Qa1 25. Rg3 Rc8 26. Rf1 Kh8 
27. Bxh6 Qxd4+ 28. Kh1 
1-0

[Event "34th Chess Olympiad (women)"]
[Site "Istanbul"]
[Date "2000.11.04"]
[Round "7.19.2"]
[White "Henriques, Sofia"]
[Black "Voronova, Tatiana"]
[WhiteElo "2032"]
[BlackElo "2278"]
[WhiteCountry "POR"]
[BlackCountry "LAT"]
[Result "0-1"]

1. e4 e6 2. d4 d5 3. Nc3 Bb4 4. e5 c5 5. a3 Bxc3+ 6. bxc3 Qc7 7. Qg4 f5 
8. Qg3 cxd4 9. cxd4 Ne7 10. Bd2 O-O 11. Bd3 b6 12. Ne2 Rf7 13. Nf4 Qd7 
14. h4 Ba6 15. Bxa6 Nxa6 16. O-O Rc8 17. a4 Nc6 18. a5 bxa5 19. Bxa5 Nab8 
20. Bc3 Qe8 21. Rfb1 Rfc7 22. Ra3 Nd7 23. Rab3 Nb6 24. Nd3 Na4 25. Ba1 Na5 
26. Ra3 Nc4 27. Ra2 Ncb6 28. Rc1 Qd7 29. Nf4 Rc4 30. Qb3 Kf7 31. Bb2 Qe7 
32. g3 Rb4 33. Qa3 Rxb2 34. Qxe7+ Kxe7 
0-1

[Event "34th Chess Olympiad (women)"]
[Site "Istanbul"]
[Date "2000.11.04"]
[Round "7.19.3"]
[White "Berzina, Ilze"]
[Black "Coimbra, Margarida"]
[WhiteElo "2194"]
[BlackElo "2043"]
[WhiteCountry "LAT"]
[BlackCountry "POR"]
[Result "0-1"]

1. e4 e5 2. Nf3 Nc6 3. Bb5 a6 4. Ba4 Nf6 5. O-O b5 6. Bb3 Bb7 7. d3 Bc5 
8. a4 d6 9. Nc3 b4 10. Ne2 h6 11. Ng3 O-O 12. a5 d5 13. exd5 Nxd5 14. Re1 Re8 
15. Ne4 Be7 16. Ba4 Bd6 17. d4 Re7 18. dxe5 Nxe5 19. Nd4 Qc8 20. f4 Ng4 
21. Nc6 Rxe4 22. Rxe4 Qf5 23. Re2 Nxf4 24. Bxf4 Qxf4 25. g3 Bc5+ 26. Kg2 Ne3+ 
27. Rxe3 Qxe3 28. Qd5 Re8 29. Ne7+ Rxe7 30. Qxb7 Qf2+ 31. Kh3 Qf5+ 32. g4 Re3+ 
33. Kg2 Re2+ 34. Kh1 Qf2 
0-1